000
00207 a2200097 4500
001
47909
100
_a
Hoskins, H L
245
_a
The Middle East
260
_a
New York
_b
Macmillan
_c
090
_c
30904
_d
30904
942
_a
NUST-CAE
_c
M
_c
23230
999
_c
282982
_d
282982